|
|
|
|
| LEADER |
00942aam a22002898a 4500 |
| 001 |
00030741 |
| 005 |
20171026081025.0 |
| 008 |
130626s2012 ||||||viesd |
| 020 |
# |
# |
|a 9786046400455(00)
|
| 041 |
0 |
# |
|a vie
|
| 082 |
|
|
|b T527T
|a 398.209 597 163
|
| 100 |
1 |
# |
|a Lê, Trung Vũ
|e Sưu tầm, biên soạn
|
| 245 |
1 |
0 |
|a Tuyển tập văn học dân gian Hà Giang
|c Lê Trung Vũ (sưu tầm, biên soạn)
|
| 260 |
# |
# |
|a Hà Nội
|b Thanh niên
|c 2012
|
| 300 |
# |
# |
|a 1155 tr.
|c 21 cm.
|
| 500 |
# |
# |
|a ĐTTS ghi: Hội Văn nghệ dân gian Việt Nam
|
| 504 |
# |
# |
|a Summary: tr.1145
|
| 653 |
# |
# |
|a Hà Giang
|
| 653 |
# |
# |
|a Tuyển tập
|
| 653 |
# |
# |
|a Việt Nam
|
| 653 |
# |
# |
|a Văn học dân gian
|
| 852 |
# |
# |
|b Kho đọc
|j KD.0014673
|
| 852 |
# |
# |
|j KD.0014673
|
| 910 |
|
|
|d 6/2013
|
| 980 |
# |
# |
|a Trung tâm Học liệu Lê Vũ Hùng, Trường Đại học Đồng Tháp
|